Starts with 'L', ends in 'O' Quiz Stats

 Plays Quiz not verified by Sporcle

Score 0/25 Timer 06:00
0 Plays Today
Description Answer % Correct
One of the popes; astrological lionLeo
100%
Short name for a very long carLimo
96.7%
Line of plastic construction toys manufactured in DenmarkLego
96.4%
Artist da Vinci or actor DiCaprioLeonardo
95.7%
British word for 'toilet'Loo
94.6%
Comedian Jay formerly of 'The Tonight Show'Leno
94.6%
A rope with a loop that is used for catching animals such as cattleLasso
93.8%
Spanish word for 'crazy'Loco
92.8%
What the apple is for AppleLogo
90.2%
Beach dance; uncertain or intermediate stateLimbo
84.8%
'Dallas Buyers Club' Oscar winner JaredLeto
83%
The special language used for a particular activity or by a particular group of peopleLingo
81.9%
Sexual driveLibido
79.7%
Description Answer % Correct
Person of South or Central American descentLatino
78.3%
Enclaved, landlocked country completely within South AfricaLesotho
72.5%
One of Florida's keys; with 'Winch': Belgian comic book seriesLargo
65.6%
Star Wars character CalrissianLando
58.3%
An Italian lemon liqueur mainly produced in Southern ItalyLimoncello
51.1%
Pain in the lower backLumbago
44.2%
The words of an opera or musicalLibretto
38.5%
Name of the de facto ruler of the Florentine Republic during the Italian Renaissance, de' MediciLorenzo
30.7%
Italian administrative region with Rome as its capitalLazio
21.7%
Grassy plain, in Latin AmericaLlano
20.9%
Versatile centre-back in soccer aka 'sweeper'Libero
15.9%
Device used to provide water for the washing of handsLavabo
10.2%

You're not logged in!

Compare scores with friends on all Sporcle quizzes.
OR
Log In

Show Comments

Extras

Top Quizzes Today


Score Distribution

Your Account Isn't Verified!

In order to create a playlist on Sporcle, you need to verify the email address you used during registration. Go to your Sporcle Settings to finish the process.

Report this User

Report this user for behavior that violates our Community Guidelines.

Details: